000 00735nam a22002177a 4500
999 _c3835
_d3835
003 BD-JhCC
005 20171118203958.0
008 171118s2000 bg ad||| |||| 00| 0 ben d
020 _a9848120289
035 _a(BD-JhCC)
040 _aBD-JhCC
_dBD-JhCC
041 _aben
082 _a352.4895492
_bRAH 2000
100 _aরহমান, আতিউর
245 _aজনগণের বাজেটঃ অংশগ্রহনমূলক পরিপ্রক্ষিত /
_cআতিউর রহমান
260 _aঢাকা :
_bপাঠক সমাবেশ
_c২০০০.
300 _a২৪০ পৃ. :
_bill. ;
_c২১ সেমি.
650 _aBudget
_zBangladesh
942 _2ddc
_cBK